000 00708nam a2200241Ia 4500
003 OSt
005 20221005090015.0
006 a|||||r|||| 00| 0
007 ta
008 221004b |||||||| |||| 00| 0 eng d
024 _a18718
037 _bGift, 03/06/2015,
_cTextual
040 _aCRL
_cCRL
_beng
041 _2eng
_aeng
082 _aO111,3M43:g, L0
100 _aPowers Lyall H
_956379
245 0 _aHenry James
_b An introduction and interpretion
260 _aNew York
_bHolt Rinehart and Winston USA
_c1970
300 _a162p.
_ccm.
650 _aENGLISH LITERATURE
942 _hO111,3M43:g, L0
_cTEXL
_2cc
999 _c995099
_d995099